000 00645nam a2200169 i 4500
001 80602
003 ES-MaACL
005 20230906174242.0
007 t|
008 041028s1953 sp ||||1| spa d
100 1 _aHoffmann, Banesh.
_963948
245 1 3 _aLa peregrina historia del Quantun
_b: la evolución de las ideas sobre las que se basa nuestro conocimiento atómico /
_cBanesh Hoffmann ; traducción del inglés por Enrique Alau Gómez-Acebo.
260 _aMadrid :
_bAguilar,
_c[1953] (
_fSelecciones Gráficas)
300 _aXV, 259 p. ;
_c18 cm.
700 1 _aAlau Gómez-Acebo, Enrique.
_919170
852 _aES-MaACL
_jC-6355
_bR.35542
999 _c80602
_d80602